000 00741nam a2200265Ia 4500
001 Z_5335
003 CHAP
008 220113s1998 xx 000 0 und d
010 _a168402
020 _a968-856-583-0
040 _cCHAP
082 _a338.10972 T6
100 _aTorres Torres, Felipe
_9114252
245 _aEl sector agropecuario mexicano después del colapso económico /
_cFelipe Torres Torres Coordinador
260 _aMéxico :
_b Plaza y Valdés,
_c1998
300 _a319 p.
503 _ac/e
650 _aAgricultura
_xAspectos económicos
_xMéxicoPolítica agrícola
_xMéxicoCrisis económica
_9142698
901 _a338.10972 T6
902 _aA
910 _a1998
942 _c1
942 _cc1
999 _c168402
_d168402